000 00396nam a22001697a 4500
003 MPLRDC
005 20220104142349.0
008 210129b ||||| |||| 00| 0 eng d
082 _a857.7 DFL-2
100 _a东方玲
245 _a豆芽情
_c
250 _a初版
260 _a
_b环球图书杂志出版社
_c1991
300 _b
650 _a长篇小说
942 _cBK
_o857.7 DFL-2
999 _c30226
_d30216